Loreto College Library, Kolkata
WEBOPAC (ONLINE PUBLIC ACCESS CATALOGUE)

Mapping the field (Record no. 43409)

MARC details
000 -LEADER
fixed length control field 00310nam a22001217a 4500
005 - DATE AND TIME OF LATEST TRANSACTION
control field 20230814085040.0
008 - FIXED-LENGTH DATA ELEMENTS--GENERAL INFORMATION
fixed length control field 230814b |||||||| |||| 00| 0 eng d
040 ## - CATALOGING SOURCE
Original cataloging agency Loreto college
082 ## - DDC | ডিউই
Classification number | বর্গসংখ্যা 305.4
Book Number | গ্রন্থাঙ্ক BAN
245 ## - TITLE STATEMENT | অাখ্যা বিবরণী
Title | অাখ্যা Mapping the field
Sub title | উপঅাখ্যা gender relations in contemporary India
850 ## - HOLDING INSTITUTION
Holding institution LCLIB
942 ## - ADDED ENTRY ELEMENTS (KOHA)
Koha item type Books
Holdings
Withdrawn status Lost status Source of classification Damaged status Not for loan Home library Current library Date acquired Total Checkouts Full call number Accession No. Date last seen Price effective from Koha item type Coded location qualifier
    Dewey Decimal Classification     Loreto College Loreto College 14/08/2023   305.4 BAN 53584 47533 14/08/2023 14/08/2023 Books